| Tag |
First Indicator |
Second Indicator |
Subfields |
| LEADER |
00000cam a2200000 4500 |
| 001 |
in00000051393 |
| 005 |
20151007070015.0 |
| 008 |
740503s1950 nyu b 00000 eng u |
| 010 |
|
|
|a 50007007
|
| 035 |
|
|
|a (OCoLC)00877973
|
| 035 |
|
|
|9 AAE3144AM
|
| 040 |
|
|
|c WIT
|d TXA
|d UtOrBLW
|
| 049 |
|
|
|a TXAM
|c 1 [188647]
|c 2 [422730]
|
| 050 |
0 |
0 |
|a QB45
|b .B15 1950
|
| 082 |
0 |
|
|a 523
|
| 092 |
|
|
|a 523
|b B168a5
|
| 100 |
1 |
|
|a Baker, Robert Horace,
|d 1883-
|
| 245 |
1 |
0 |
|a Astronomy ;
|b a textbook for university and college students.
|
| 250 |
|
|
|a 5th ed.
|
| 264 |
|
1 |
|a New York :
|b Van Nostrand,
|c [1950]
|
| 300 |
|
|
|a x, 526 pages :
|b illustrations, charts. ;
|c 24 cm.
|
| 336 |
|
|
|a text
|b txt
|2 rdacontent
|
| 337 |
|
|
|a unmediated
|b n
|2 rdamedia
|
| 338 |
|
|
|a volume
|b nc
|2 rdacarrier
|
| 504 |
|
|
|a Bibliography: pages 513-516.
|
| 650 |
|
0 |
|a Astronomy.
|
| 999 |
|
|
|a MARS
|
| 999 |
f |
f |
|s dff6e093-64d0-3426-864a-fea80036fe91
|i 0e726e29-4e24-383a-af07-95caf21bfac5
|t 0
|
| 952 |
f |
f |
|p ric
|a Texas A&M University
|b Rellis Campus
|c Joint Library Facility
|s JLF
|d Remote Storage
|t 0
|e QB45 .B15 1950
|h Library of Congress classification
|i unmediated -- volume
|m A14800899634
|
| 998 |
f |
f |
|a QB45 .B15 1950
|t 0
|l Remote Storage
|